LEADER 00971nam0-22002891i-450 001 990001768220403321 005 20190529131356.0 035 $a000176822 035 $aFED01000176822 035 $a(Aleph)000176822FED01 035 $a000176822 100 $a20030910d1962----km-y0itay50------ba 101 0 $aita 200 1 $aContributi alla patologia della Quercia da sughero (Quercus Suber L.)$eIII. Il "marciume radicale" causato da Armillariamellea (Vahl) Quel$fFranco Marras 210 $aSassari$cStazione Sperimentale del Sughero di Tempio Pausania$d1962 215 $a16 p.$d24 cm 610 0 $aSughero 676 $a634.972 1 700 1$aMarras,$bFranco$0353400 801 0$aIT$bUNINA$gRICA$2UNIMARC 901 $aLG 912 $a990001768220403321 952 $a60 OP. 58/41$b38792$fFAGBC 952 $a60 OP. 58/26$b42015$fFAGBC 959 $aFAGBC 996 $aContributi alla patologia della Quercia da sughero (Quercus Suber L.$9363785 997 $aUNINA